Ttaditional methods of conflict resolution: (Record no. 151161)

MARC details
000 -LEADER
fixed length control field 00711nam a22001937a 4500
005 - DATE AND TIME OF LATEST TRANSACTION
control field 20180503104559.0
010 ## - LCCN (DPL NO)
LC control number ENG-122569
020 ## - INTERNATIONAL STANDARD BOOK NUMBER
International Standard Book Number 9788192234915
Terms of availability 75.00
035 ## - SYSTEM CONTROL NUMBER
System control number EN-106101
037 ## - SOURCE OF ACQUISITION
Source of stock number/acquisition DBAD/PUB
082 ## - DEWEY DECIMAL CLASSIFICATION NUMBER
Classification number 954.5
245 ## - TITLE STATEMENT
Title Ttaditional methods of conflict resolution:
Statement of responsibility, etc ed. by Souza, Alphonsus D.
Remainder of title in three tribal societies of north east india /
260 ## - PUBLICATION, DISTRIBUTION, ETC. (IMPRINT)
Place of publication, distribution, etc Guwahati
Name of publisher, distributor, etc North Eastern Social Research Centre
Date of publication, distribution, etc 2011
270 ## - ADDRESS
Address Jagriti, (2d Floor), Arunodoi Path, GMCH Road, Christian Basti,
City Guwahati
Postal code 781005
300 ## - PHYSICAL DESCRIPTION
Extent 98p.
Dimensions 20cm.(pbk)
Other physical details ill.
490 ## - SERIES STATEMENT
Series statement NESRC Peace Studies Series - 4
500 ## - GENERAL NOTE
General note It include bibilography
942 ## - ADDED ENTRY ELEMENTS (KOHA)
Source of classification or shelving scheme Dewey Decimal Classification
Item type English Books
Call number suffix TRA
Classification part 954.5
Holdings
Withdrawn status Lost status Not for loan Collection code Home library Current library Date acquired Source of acquisition Cost, normal purchase price Full call number Barcode Copy number Cost, replacement price Koha item type
    Not For Loan Non-fiction D.B.Act.Division Patel Nagar 13/04/2018 DBAD/PUB 75.00 954.5 TRA EN-106101 1 75.00 English Books

© Delhi Public Library
Hit Counter
free hit counter